Central Library OPAC University of Rajshahi

অল দি কিংস মেন / (Record no. 44030)

MARC details
000 -LEADER
fixed length control field 01014nam a2200229 a 4500
001 - CONTROL NUMBER
control field 44030
003 - CONTROL NUMBER IDENTIFIER
rucl marc code BD-RjUL
005 - DATE AND TIME OF LATEST TRANSACTION
control field 20211209053805.0
008 - FIXED-LENGTH DATA ELEMENTS--GENERAL INFORMATION
fixed length control field 160712m19921974bg ||||| |||| 00| 0 ben d
020 ## - INTERNATIONAL STANDARD BOOK NUMBER
International Standard Book Number 9840726943
Terms of availability : Tk. 100.00
035 ## - SYSTEM CONTROL NUMBER
System control number (BD-RjUL)44148
040 ## - CATALOGING SOURCE
Original cataloging agency BD-RjUL
Language of cataloging ben
Transcribing agency BD-RjUL
041 ## - LANGUAGE CODE
Language code of text/sound track or separate title ben
082 ## - DEWEY DECIMAL CLASSIFICATION NUMBER
Edition number 23
Classification number 813.52
Author mark and year WAA 1992
100 ## - MAIN ENTRY--PERSONAL NAME
Personal name ওয়ারেন, রবার্ট পেন
9 (RLIN) 135243
245 10 - TITLE STATEMENT
Title অল দি কিংস মেন /
Statement of responsibility, etc. রবার্ট পেন ওয়ারেন ; অনুবাদক, কবীর চৌধুরী
260 ## - PUBLICATION, DISTRIBUTION, ETC. (IMPRINT)
Place of publication, distribution, etc. ঢাকা :
Name of publisher, distributor, etc. বাংলা একাডেমী,
Date of publication, distribution, etc. ১৯৯২, [কপিরাইট ১৯৭৪, ১৯৪৬]
300 ## - PHYSICAL DESCRIPTION
Pagination ৬৪৪ পৃ. ;
Size ২০ সেমি.
650 ## - SUBJECT ADDED ENTRY--TOPICAL TERM
Topical term or geographic name as entry element রাজনীতিবিদ
Form subdivision কল্পকাহিনী
General subdivision দক্ষিন যুক্তরাষ্ট্র
9 (RLIN) 135244
Topical term or geographic name as entry element Politicians
Form subdivision Fiction.
General subdivision Southern States
9 (RLIN) 135245
942 ## - ADDED ENTRY ELEMENTS (KOHA)
Source of classification or shelving scheme Dewey Decimal Classification
Koha item type Books
Holdings
Lost status Source of classification or shelving scheme Damaged status Not for loan Collection code Permanent Location Current Location Shelving location Date acquired Source of acquisition Total Checkouts Full call number Date last seen Copy number Koha item type Date checked out
  Dewey Decimal Classification     Fiction Central Library, University of Rajshahi Central Library, University of Rajshahi   28/05/1995 U.S.I.S. Dhaka   B 813.52 WAA 1992 12/07/2016 C-2 Books  
  Dewey Decimal Classification     Non-fiction Central Library, University of Rajshahi Central Library, University of Rajshahi   28/05/1995 U.S.I.S. Dhaka   B 813.52 WAA 1992 14/08/2016 C-3 Books  
  Dewey Decimal Classification     Non-fiction Central Library, University of Rajshahi Central Library, University of Rajshahi   28/05/1995 U.S.I.S. Dhaka 1 B 813.52 WAA 1992 02/12/2018 C-4 Books 13/11/2018
  Dewey Decimal Classification     Non-fiction Central Library, University of Rajshahi Central Library, University of Rajshahi   28/05/1995 U.S.I.S. Dhaka   B 813.52 WAA 1992 14/08/2016 C-5 Books  
  Dewey Decimal Classification     Non-fiction Central Library, University of Rajshahi Central Library, University of Rajshahi   28/05/1995 U.S.I.S. Dhaka   B 813.52 WAA 1992 14/08/2016 C-6 Books  
  Dewey Decimal Classification     Non-fiction Central Library, University of Rajshahi Central Library, University of Rajshahi   28/05/1995 U.S.I.S. Dhaka 1 B 813.52 WAA 1992 18/03/2019 C-7 Books 11/03/2019
  Dewey Decimal Classification     Non-fiction Central Library, University of Rajshahi Central Library, University of Rajshahi   28/05/1995 U.S.I.S. Dhaka 3 B 813.52 WAA 1992 17/10/2019 C-8 Books 24/09/2019
  Dewey Decimal Classification     Non-fiction Central Library, University of Rajshahi Central Library, University of Rajshahi   28/05/1995 U.S.I.S. Dhaka   B 813.52 WAA 1992 14/08/2016 C-9 Books  
  Dewey Decimal Classification     Non-fiction Central Library, University of Rajshahi Central Library, University of Rajshahi   28/05/1995 U.S.I.S. Dhaka 1 B 813.52 WAA 1992 20/07/2017 C-10 Books 05/07/2017
  Dewey Decimal Classification   Not For Loan Non-fiction Central Library, University of Rajshahi Central Library, University of Rajshahi Reading Room 28/05/1995 U.S.I.S. Dhaka   B 813.52 WAA 1992 14/08/2016 C-1 Books